Pedology and erosion control practices

Bibliographic Details
Main Author: Junáková, Natália, 1981- (Author)
Format: eBook
Language:English
PhysicalDescription:1 CD-ROM 12 cm
Published: Košice Technical University of Košice 2020
ISBN:9788055337524
Edition:Edition first
Subjects:

MARC

LEADER 00000nam a2200000 4500
001 vtls012288793
003 SK-MaSNL
005 20260301232441.0
008 251209s2020 xo fsnp 000 0 eng
020 |a 9788055337524  |q (elektronická kniha) 
040 |a SNK  |b slo  |c SNK  |e rda 
041 0 |a eng 
044 |a xo  |c SK 
072 7 |2 konspekt 
080 |2 2011 
100 1 |a Junáková, Natália,  |d 1981-  |4 aut  |9 194060 
245 1 0 |a Pedology and erosion control practices  |c Natália Junáková 
250 |a Edition first 
264 1 |a Košice  |b Technical University of Košice  |c 2020 
300 |a 1 CD-ROM  |c 12 cm 
336 |a text  |b txt  |2 rdacontent 
337 |a počítač  |b c  |2 rdamedia 
338 |a počítačový súbor  |b cd  |2 rdacarrier 
347 |a textový súbor  |b PDF  |2 rda 
366 |e 50 kusov 
504 |a Obsahuje bibliografiu 
655 7 |a CD-ROM  |2 SNKPH  |9 70236 
710 2 |a Technická univerzita v Košiciach.  |b Stavebná fakulta  |4 pbl  |9 173532 
852 |a Slovenská národná knižnica 
919 |a 978-80-553-3752-4 
999 |c 961413  |d 963343 
952 |a SNK  |b SNK  |y NEVYP  |7 1  |p 17A1582970  |o snkSCDM 14013  |i snk2025/19993  |8 0  |0 0  |1 0  |4 0  |d 2025-12-09  |l 0  |r 2026-02-24 10:19:22  |w 2026-02-24